Чего стоит Париж?: Роман
| Автор: | |
|---|---|
| Резюме: | Исключено из фонда НТБ ТПУ |
| Мова: | Російська |
| Опубліковано: |
Москва, АСТ, 2003
|
| Серія: | Звездный лабиринт |
| Формат: | Книга |
| KOHA link: | https://koha.lib.tpu.ru/cgi-bin/koha/opac-detail.pl?biblionumber=52484 |
MARC
| LEADER | 00000nam0a2200000 4500 | ||
|---|---|---|---|
| 001 | 52484 | ||
| 005 | 20231031041644.0 | ||
| 010 | |a 5170170750 | ||
| 035 | |a (RuTPU)RU\TPU\book\55003 | ||
| 090 | |a 52484 | ||
| 100 | |a 20030602d2003 m y0rusy50 ca | ||
| 101 | 0 | |a rus | |
| 102 | |a RU | ||
| 105 | |a y z 000ay | ||
| 200 | 1 | |a Чего стоит Париж? |e Роман |f В. Свержин | |
| 210 | |a Москва |c АСТ |d 2003 | ||
| 215 | |a 461 с. | ||
| 225 | 1 | |a Звездный лабиринт | |
| 333 | |a Исключено из фонда НТБ ТПУ | ||
| 675 | |a Р2 |v 3 | ||
| 700 | 1 | |a Свержин |b В. |g Владимир | |
| 801 | 1 | |a RU |b 63413507 |c 20030602 |g PSBO | |
| 801 | 2 | |a RU |b 63413507 |c 20210526 |g PSBO | |
| 942 | |c BK | ||